Українська еміграція в Сполучених Штатах Америки (Запис № 315043)

МАРК-запис
000 -Лідер
fixed length control field 00775nam a22002537a 4500
001 - Контрольний номер
control field 28673
003 - Ідентифікатор контрольного номера
control field UA-OsUOA
005 - Дата та час останнього входження (трансакції)
control field 20201121203650.0
007 - Фіксоване поле фізичного опису
fixed length control field ta
008 - Елементи даних фіксованої довжини – загальна інформація
fixed length control field 20050415b un ||||| |||| 00| 0 ukr d
040 ## - Джерело каталогізації
Агенція оригінальної каталогізації UA-OsUOA
Мова каталогізації ukr
Агенція, яка здійснювала перезапис UA-OsUOA
Агенція, яка здійснювала модифікацію UA-OsUOA
041 ## - Код мови
Код мови тексту/ звукової доріжки чи окремого заголовка (П) ukr
044 ## - Код країни видавця/ виробника
Код країни видавця/ виробника (П) UA
080 ## - Індекс Універсальної десяткової класифікації
Індекс Універсальної десяткової класифікації (УДК) (НП) 94(477)152
090 ## - Локальний шифр розміщення
Класифікаційний індекс УДК 94(477)152
Авторський знак (НП) Б32
100 ## - Основне введення – ім’я особи
Ім’я особи (НП) Бачинський Ю.
245 ## - Відомості про назву
Назва (НП) Українська еміграція в Сполучених Штатах Америки
260 ## - Публікація, розповсюдження і т.п. (Вихідні дані)
Місце публікації, розповсюдження і т.п. (П) К.
Ім’я/ наймення видавництва, розповсюджувача і т.п. (П) Інтел
Дата публікації, розповсюдження і т.п. (П) 1995
300 ## - Фізичний опис
Обсяг 340 с.
Інші фізичні характеристики (НП) Ілюстрації
650 #7 - Додаткове предметне введення – тематичний термін
Тематичний термін чи географічна назва, як елемент введення (НП) 9 Географія. Біографії. Історія
Джерело заголовка чи терміна UDC
942 ## - Додаткові елементи входу (Коха)
Тип елемента Koha Книги
Source of classification or shelving scheme Universal Decimal Classification
955 ## - Код типу видання за змістом
Код типу видання за змістом (НП) Навчальні видання
Фонди
Стан вилучень Стан втрат Джерело класифікації або схеми стелажів Стан уражень Не для кредиту Постійне місце розташування Поточне розміщення Дата придбання Інвентарний номер Усього замовленно Повний номер виклику Штрих-код Дата останнього перегляду Ціна ефективна від Тип елемента Koha Загальна кількість оновлень Перевірено Дата останньої перевірки
    Universal Decimal Classification     АБ - Абонемент НБ АБ - Абонемент НБ 06/11/2003 41221   94(477).152 Б32 41221 27/01/2022 06/11/2003 Книги      
    Universal Decimal Classification     АБ - Абонемент НБ АБ - Абонемент НБ 10/09/2012 41220   94(477)152 Б32 41220 27/01/2022 15/04/2005 Книги      
    Universal Decimal Classification     ЧЗ - Читальна зала ЧЗ - Читальна зала 15/04/2005 80886   94(477)152 Б32 80886 09/02/2022 15/04/2005 Книги      
    Universal Decimal Classification     ЧЗ - Читальна зала ЧЗ - Читальна зала 15/04/2005 80887   94(477)152 Б32 80887 09/02/2022 15/04/2005 Книги      
    Universal Decimal Classification     ЧЗ - Читальна зала ЧЗ - Читальна зала 15/04/2005 80888 1 94(477)152 Б32 80888 30/07/2019 15/04/2005 Книги 3 24/07/2020 30/07/2019
    Universal Decimal Classification     ЧЗ - Читальна зала ЧЗ - Читальна зала 15/04/2005 80889   94(477)152 Б32 80889 09/02/2022 15/04/2005 Книги